<?xml version="1.0" encoding="UTF-8"?>
<collection xmlns="http://www.loc.gov/MARC21/slim">
 <record>
  <leader>01116nam a22002537a 4500</leader>
  <controlfield tag="001">29994</controlfield>
  <controlfield tag="003">BD-DhAAL</controlfield>
  <controlfield tag="005">20240924142224.0</controlfield>
  <controlfield tag="008">150709s1981    bg ||||| |||| 00| 0 eng d</controlfield>
  <datafield tag="040" ind1=" " ind2=" ">
   <subfield code="a">BD-DhAAL</subfield>
   <subfield code="c">BD-DhAAL</subfield>
  </datafield>
  <datafield tag="082" ind1=" " ind2=" ">
   <subfield code="2">22</subfield>
   <subfield code="a">307.1412095492</subfield>
  </datafield>
  <datafield tag="245" ind1=" " ind2=" ">
   <subfield code="a">Atghoria baseline survey.</subfield>
   <subfield code="g">Aug. 1981</subfield>
   <subfield code="b">Volume I &amp; II.</subfield>
  </datafield>
  <datafield tag="264" ind1=" " ind2=" ">
   <subfield code="a">Dhaka :</subfield>
   <subfield code="b">Research and Evaluation Division, BRAC,</subfield>
   <subfield code="c">1981.</subfield>
  </datafield>
  <datafield tag="300" ind1=" " ind2=" ">
   <subfield code="a">121 pages :</subfield>
   <subfield code="b">illustrations ;</subfield>
   <subfield code="c">34 cm.</subfield>
  </datafield>
  <datafield tag="362" ind1=" " ind2=" ">
   <subfield code="a">Vol. 1 &amp; 2</subfield>
  </datafield>
  <datafield tag="541" ind1=" " ind2=" ">
   <subfield code="e">29994</subfield>
   <subfield code="a">BRAC</subfield>
  </datafield>
  <datafield tag="610" ind1=" " ind2=" ">
   <subfield code="a">BRAC</subfield>
   <subfield code="9">15229</subfield>
  </datafield>
  <datafield tag="650" ind1=" " ind2=" ">
   <subfield code="a">Rural development</subfield>
   <subfield code="z">Bangladesh.</subfield>
   <subfield code="9">7235</subfield>
  </datafield>
  <datafield tag="710" ind1=" " ind2=" ">
   <subfield code="a">BRAC </subfield>
   <subfield code="9">12971</subfield>
  </datafield>
  <datafield tag="852" ind1=" " ind2=" ">
   <subfield code="a">Ayesha Abed Library</subfield>
   <subfield code="b">BRAC Resource Section</subfield>
  </datafield>
  <datafield tag="942" ind1=" " ind2=" ">
   <subfield code="2">ddc</subfield>
   <subfield code="c">BK</subfield>
  </datafield>
  <datafield tag="999" ind1=" " ind2=" ">
   <subfield code="c">35735</subfield>
   <subfield code="d">35735</subfield>
  </datafield>
  <datafield tag="952" ind1=" " ind2=" ">
   <subfield code="0">0</subfield>
   <subfield code="1">0</subfield>
   <subfield code="2">ddc</subfield>
   <subfield code="4">0</subfield>
   <subfield code="6">307_141209549200000_ATG</subfield>
   <subfield code="7">1</subfield>
   <subfield code="8">RPT</subfield>
   <subfield code="9">56197</subfield>
   <subfield code="a">BRACUL</subfield>
   <subfield code="b">BRACUL</subfield>
   <subfield code="c">BRS</subfield>
   <subfield code="d">2015-10-10</subfield>
   <subfield code="e">BRAC</subfield>
   <subfield code="l">0</subfield>
   <subfield code="o">307.1412095492 ATG</subfield>
   <subfield code="p">3010029994</subfield>
   <subfield code="r">2015-10-10</subfield>
   <subfield code="t">1</subfield>
   <subfield code="w">2015-10-10</subfield>
   <subfield code="y">BK</subfield>
   <subfield code="x">BRAC ; price not available in register</subfield>
  </datafield>
  <datafield tag="952" ind1=" " ind2=" ">
   <subfield code="0">0</subfield>
   <subfield code="1">0</subfield>
   <subfield code="2">ddc</subfield>
   <subfield code="4">0</subfield>
   <subfield code="6">307_141209549200000_ATG</subfield>
   <subfield code="7">1</subfield>
   <subfield code="8">RPT</subfield>
   <subfield code="9">56198</subfield>
   <subfield code="a">BRACUL</subfield>
   <subfield code="b">BRACUL</subfield>
   <subfield code="c">BRS</subfield>
   <subfield code="d">2015-10-10</subfield>
   <subfield code="e">BRAC</subfield>
   <subfield code="l">0</subfield>
   <subfield code="o">307.1412095492 ATG</subfield>
   <subfield code="p">3010029995</subfield>
   <subfield code="r">2015-10-10</subfield>
   <subfield code="t">2</subfield>
   <subfield code="w">2015-10-10</subfield>
   <subfield code="y">BK</subfield>
   <subfield code="x">BRAC ; price not available in register</subfield>
  </datafield>
 </record>
</collection>
